[Event "Budapest FS02 IM"]
[Site "Budapest"]
[Date "2024.02.05"]
[Round "3"]
[White "Ernst, Robert"]
[Black "Neverov, Valeriy"]
[Result "1/2-1/2"]
[WhiteElo "2344"]
[BlackElo "2438"]
[PlyCount "59"]
[EventDate "2024.02.03"]
[EventType "schev"]
[EventRounds "9"]
[EventCountry "HUN"]
[SourceTitle "CB08_2024"]
[SourceDate "2024.02.21"]
[SourceVersion "1"]
[SourceVersionDate "2024.02.21"]
[SourceQuality "1"]

1. d4 Nf6 2. c4 g6 3. Nc3 Bg7 4. e4 d6 5. Nf3 0-0 6. Be2 e5 7. 0-0 Nbd7 8. Be3 h6 9. dxe5 dxe5 10. h3 c6 11. Qc1 Kh7 12. Rd1 Qe7 13. c5 b6 14. b4 Bb7 15. Rb1 Rfb8 16. Bc4 a5 17. a3 axb4 18. axb4 bxc5 19. bxc5 Nxc5 20. Bxf7 Qxf7 21. Bxc5 Nh5 22. Qd2 Rd8 23. Qb2 Rxd1+ 24. Nxd1 Bc8 25. Bd6 Nf4 26. Bxe5 Nd3 27. Qc3 Nxe5 28. Nxe5 Qa2 29. Rc1 Qe2 30. Qg3 1/2-1/2

[Event "Krakow op-A 34th"]
[Site "Krakow"]
[Date "2023.12.30"]
[Round "4"]
[White "Golubka, Petr"]
[Black "Ernst, Robert"]
[Result "1/2-1/2"]
[WhiteElo "2440"]
[BlackElo "2271"]
[PlyCount "83"]
[EventDate "2023.12.27"]
[EventType "swiss"]
[EventRounds "9"]
[EventCountry "POL"]
[SourceTitle "CB02_2024"]
[SourceDate "2024.01.10"]
[SourceVersion "1"]
[SourceVersionDate "2024.01.10"]
[SourceQuality "1"]

1. d4 d5 2. c4 c6 3. cxd5 cxd5 4. Bf4 Nc6 5. e3 Nf6 6. Nc3 Bf5 7. Qb3 Na5 8. Qa4+ Bd7 9. Qc2 Rc8 10. Bd3 e6 11. Nf3 Nc4 12. 0-0 Be7 13. Bxc4 Rxc4 14. Ne5 Rc8 15. Qb3 Bc6 16. Rfc1 0-0 17. Nxc6 bxc6 18. Na4 Nd7 19. Qb7 c5 20. dxc5 Nxc5 21. Nxc5 Bxc5 22. b4 Qb6 23. Qxb6 Bxb6 24. a4 a6 25. Kf1 f6 26. a5 Ba7 27. Bd6 Rfe8 28. Ke2 Kf7 29. Rab1 e5 30. b5 axb5 31. Rxc8 Rxc8 32. Rxb5 Ke6 33. Bb4 Rc7 34. g4 g6 35. a6 f5 36. gxf5+ gxf5 37. Ra5 Bb6 38. Ra3 Ba7 39. Rc3 Kd7 40. Rd3 Ke6 41. Rc3 Kd7 42. Rd3 1/2-1/2

[Event "Bayern-chI Bank Hofmann 26th"]
[Site "Tegernsee"]
[Date "2023.11.03"]
[Round "7"]
[White "Zude, Arno"]
[Black "Ernst, Robert"]
[Result "1/2-1/2"]
[WhiteElo "2333"]
[BlackElo "2093"]
[PlyCount "72"]
[EventDate "2023.10.28"]
[EventType "swiss"]
[EventRounds "9"]
[EventCountry "GER"]
[SourceTitle "Mega2024 Update 01"]
[Source "Chessbase"]
[SourceDate "2023.11.12"]
[SourceVersion "1"]
[SourceVersionDate "2023.11.12"]
[SourceQuality "1"]

1. e4 c5 2. Nf3 e6 3. d4 cxd4 4. Nxd4 Nc6 5. Nc3 Qc7 6. Be3 a6 7. Qd2 Nf6 8. 0-0-0 Be7 9. f3 b5 10. Nxc6 dxc6 11. g4 0-0 12. Qf2 e5 13. h4 Rd8 14. Rxd8+ Qxd8 15. Bh3 Ne8 16. Rd1 Qc7 17. Qg3 Be6 18. g5 Bxh3 19. Qxh3 Nd6 20. Bc5 Rd8 21. Qg3 Nc4 22. Qf2 f6 23. gxf6 Rxd1+ 24. Nxd1 Bxc5 25. Qxc5 Qd8 26. Qf2 Qxf6 27. c3 Kf7 28. b3 Nd6 29. Qg3 Qf4+ 30. Qxf4+ exf4 31. Nf2 Kg6 32. Nh3 Kh5 33. Nxf4+ Kxh4 34. Kd2 g5 35. Ne2 g4 36. Ke3 gxf3 1/2-1/2

[Event "EU-ch U14 rapid"]
[Site "Terme Catez"]
[Date "2023.09.28"]
[Round "2"]
[White "Ernst, Robert"]
[Black "Toth, Barnabas1111"]
[Result "0-1"]
[WhiteElo "2070"]
[BlackElo "1718"]
[PlyCount "100"]
[EventDate "2023.09.28"]
[EventType "swiss (rapid)"]
[EventRounds "9"]
[EventCountry "SLO"]
[SourceTitle "EXT 2024"]
[Source "ChessBase"]
[SourceDate "2023.10.10"]
[SourceVersion "1"]
[SourceVersionDate "2023.10.10"]
[SourceQuality "1"]

1. d4 Nf6 2. c4 g6 3. Nc3 Bg7 4. e4 d6 5. Nf3 0-0 6. Be2 e5 7. 0-0 Nc6 8. d5 Ne7 9. Ne1 Nd7 10. Nd3 f5 11. f3 f4 12. Bd2 g5 13. Rc1 Ng6 14. c5 Nf6 15. Nb5 Rf7 16. Ba5 b6 17. cxd6 cxd6 18. Be1 Bf8 19. Nb4 a6 20. Nc6 Qe8 21. Nc3 h5 22. Bf2 g4 23. Na4 g3 24. hxg3 fxg3 25. Bxg3 h4 26. Bh2 Bh6 27. Rc3 Nd7 28. b4 Nf4 29. Kh1 Rg7 30. Rf2 b5 31. Nb2 Nf6 32. a4 N6h5 33. Kg1 Nh3+ 34. Kf1 Nxf2 35. Kxf2 Nf4 36. Bf1 Qg6 37. Qc2 Bd7 38. Nd3 Nxg2 39. Ndxe5 dxe5 40. Nxe5 Qb6+ 41. Rc5 Be3+ 42. Ke2 Bxc5 43. bxc5 Qa5 44. Nxd7 Qe1+ 45. Kd3 Qxf1+ 46. Kd4 Rxd7 47. e5 Qc4+ 48. Qxc4 bxc4 49. e6 Rxd5+ 50. Kxd5 c3 0-1

[Event "World ol U16"]
[Site "Eindhoven"]
[Date "2023.08.13"]
[Round "1.11"]
[White "Radulovic, Vasilije"]
[Black "Ernst, Robert"]
[Result "0-1"]
[WhiteElo "1734"]
[BlackElo "2121"]
[PlyCount "62"]
[EventDate "2023.08.13"]
[EventType "team-swiss"]
[EventRounds "9"]
[EventCountry "NED"]
[SourceTitle "CBM 215 Extra"]
[Source "ChessBase"]
[SourceDate "2023.09.30"]
[SourceVersion "1"]
[SourceVersionDate "2023.09.30"]
[SourceQuality "1"]
[WhiteTeam "Montenegro"]
[BlackTeam "Austria"]
[WhiteTeamCountry "MNE"]
[BlackTeamCountry "AUT"]

1. d4 d5 2. c4 c6 3. Nc3 Nf6 4. cxd5 cxd5 5. Bg5 Nc6 6. Bxf6 gxf6 7. e3 e6 8. Bb5 Bd6 9. Nf3 Bd7 10. a3 Na5 11. Bxd7+ Qxd7 12. e4 dxe4 13. Nxe4 Be7 14. b4 Nc4 15. Qb3 Rc8 16. Nc5 Qd5 17. Rc1 Nb6 18. Qxd5 Nxd5 19. 0-0 b6 20. Ne4 Kd7 21. g3 Rxc1 22. Rxc1 Rc8 23. Rxc8 Kxc8 24. Nfd2 f5 25. f3 fxe4 26. fxe4 Nc3 27. e5 Ne2+ 28. Kf2 Nxd4 29. Nb1 Nc6 30. Ke3 Nxe5 31. Ke4 Ng4 0-1

[Event "Badalona op 47th"]
[Site "Badalona"]
[Date "2023.08.09"]
[Round "8"]
[White "Ernst, Robert"]
[Black "Delgado Romero, Marco"]
[Result "0-1"]
[WhiteElo "2121"]
[BlackElo "2329"]
[PlyCount "72"]
[EventDate "2023.08.02"]
[EventType "swiss"]
[EventRounds "9"]
[EventCountry "ESP"]
[SourceTitle "CBM 215 Extra"]
[Source "ChessBase"]
[SourceDate "2023.09.30"]
[SourceVersion "1"]
[SourceVersionDate "2023.09.30"]
[SourceQuality "1"]

1. d4 Nf6 2. c4 c5 3. d5 g6 4. Nc3 d6 5. e4 Bg7 6. Nge2 b5 7. e5 dxe5 8. Nxb5 0-0 9. Ng3 h5 10. Be2 h4 11. Nf1 Ne4 12. f3 Nd6 13. Nxd6 exd6 14. Be3 Nd7 15. Nd2 f5 16. 0-0 a5 17. Rb1 Qe8 18. b3 Nf6 19. a3 f4 20. Bf2 h3 21. Bd3 g5 22. g4 fxg3 23. Bxg3 g4 24. Ne4 Nxe4 25. Bxe4 Qh5 26. b4 axb4 27. axb4 cxb4 28. Rxb4 gxf3 29. Bxf3 Qg5 30. Qe2 Ra3 31. Rb8 Re3 32. Qd1 e4 33. Bxe4 Re8 34. Bf3 Rc3 35. Re1 Rf8 36. Re4 Rc1 0-1

[Event "St Veit op 42nd"]
[Site "St Veit"]
[Date "2023.07.12"]
[Round "6"]
[White "Zoernpfenning, Siegfried"]
[Black "Ernst, Robert"]
[Result "1/2-1/2"]
[WhiteElo "2053"]
[BlackElo "2196"]
[PlyCount "43"]
[EventDate "2023.07.08"]
[EventType "swiss"]
[EventRounds "9"]
[EventCountry "AUT"]
[SourceTitle "CBM 215 Extra"]
[Source "ChessBase"]
[SourceDate "2023.09.30"]
[SourceVersion "1"]
[SourceVersionDate "2023.09.30"]
[SourceQuality "1"]

1. d4 d5 2. Bf4 Nf6 3. e3 c5 4. c3 Qb6 5. Qb3 c4 6. Qc2 g6 7. Nd2 Bf5 8. Qc1 Nc6 9. Ngf3 Bg7 10. h3 0-0 11. Be2 Rfc8 12. Ne5 Nxe5 13. Bxe5 Qc6 14. 0-0 b5 15. Re1 a5 16. g4 Bd3 17. f3 b4 18. a3 Bxe2 19. Rxe2 b3 20. Nf1 Nd7 21. Bxg7 Kxg7 22. e4 1/2-1/2

[Event "St Veit op 42nd"]
[Site "St Veit"]
[Date "2023.07.09"]
[Round "2"]
[White "Markun, Ozbej"]
[Black "Ernst, Robert"]
[Result "1-0"]
[WhiteElo "1877"]
[BlackElo "2196"]
[PlyCount "93"]
[EventDate "2023.07.08"]
[EventType "swiss"]
[EventRounds "9"]
[EventCountry "AUT"]
[SourceTitle "CBM 215 Extra"]
[Source "ChessBase"]
[SourceDate "2023.09.30"]
[SourceVersion "1"]
[SourceVersionDate "2023.09.30"]
[SourceQuality "1"]

1. e4 c5 2. c3 Nf6 3. e5 Nd5 4. Nf3 Nc6 5. d4 cxd4 6. cxd4 d6 7. Bc4 Nb6 8. Bb3 dxe5 9. d5 Na5 10. Nc3 Bg4 11. Ba4+ Nxa4 12. Qxa4+ Bd7 13. Qe4 f6 14. Be3 g6 15. h4 Bg7 16. h5 Bf5 17. Qb4 gxh5 18. Rxh5 Bg6 19. Rh1 b6 20. Nh4 Qd7 21. Nxg6 hxg6 22. Rxh8+ Bxh8 23. 0-0-0 Kf7 24. d6 e6 25. Kb1 Bg7 26. f4 f5 27. g4 e4 28. gxf5 gxf5 29. Nb5 Rh8 30. Rg1 Bf6 31. a4 Rh2 32. Nc3 Nc6 33. Qa3 Nd4 34. Rc1 Ne2 35. Nxe2 Rxe2 36. Rc7 Ke8 37. Rxd7 Kxd7 38. Bc1 Rg2 39. Qh3 Rg1 40. Qh2 Rg4 41. Be3 Kxd6 42. a5 bxa5 43. Bxa7 Rg7 44. Qd2+ Kc6 45. Qxa5 Rb7 46. b4 Be7 47. Bc5 1-0

[Event "AUT-ch U14"]
[Site "St Veit"]
[Date "2023.06.08"]
[Round "2"]
[White "Feiertag, Jonas"]
[Black "Ernst, Robert"]
[Result "0-1"]
[WhiteElo "1556"]
[BlackElo "2257"]
[PlyCount "56"]
[EventDate "2023.06.08"]
[EventType "swiss"]
[EventRounds "7"]
[EventCountry "AUT"]
[SourceTitle "EXT 2024"]
[Source "ChessBase"]
[SourceDate "2023.10.10"]
[SourceVersion "1"]
[SourceVersionDate "2023.10.10"]
[SourceQuality "1"]

1. d4 d5 2. c4 c6 3. cxd5 cxd5 4. Nf3 Nf6 5. Bf4 Nc6 6. Nc3 Bf5 7. e3 e6 8. a3 Qb6 9. Bb5 a6 10. Bxc6+ bxc6 11. b4 Be7 12. 0-0 a5 13. Na4 Qb5 14. Nc5 0-0 15. Ne5 Rfc8 16. f3 axb4 17. axb4 Nh5 18. Bg3 f6 19. Bh4 Bxc5 20. bxc5 fxe5 21. g4 Bd3 22. Rxa8 Rxa8 23. gxh5 Bxf1 24. Qxf1 Qb2 25. Qf2 Qa1+ 26. Qe1 exd4 27. exd4 Qxd4+ 28. Bf2 Ra1 0-1

[Event "Vienna Schev May"]
[Site "Vienna"]
[Date "2023.05.18"]
[Round "2"]
[White "Ernst, Robert"]
[Black "Balint, Peter1111"]
[Result "1/2-1/2"]
[WhiteElo "2228"]
[BlackElo "2222"]
[PlyCount "91"]
[EventDate "2023.05.17"]
[EventType "schev"]
[EventRounds "9"]
[EventCountry "AUT"]
[SourceTitle "CBM 214 Extra"]
[Source "ChessBase"]
[SourceDate "2023.07.31"]
[SourceVersion "1"]
[SourceVersionDate "2023.07.31"]
[SourceQuality "1"]
[WhiteTeam "Team A"]
[BlackTeam "Team C"]
[WhiteTeamCountry "AUT"]
[BlackTeamCountry "AUT"]

1. d4 Nf6 2. c4 e6 3. Nc3 Bb4 4. e3 0-0 5. Nge2 Re8 6. a3 Bf8 7. d5 exd5 8. cxd5 c5 9. Ng3 g6 10. e4 d6 11. Be2 Na6 12. 0-0 Nc7 13. a4 Bg7 14. Bg5 h6 15. Be3 Rb8 16. Qd2 Kh7 17. Rab1 Na6 18. f4 Nd7 19. Nb5 Nf6 20. Bf3 Nb4 21. Rbe1 a6 22. Nxd6 Qxd6 23. e5 Qf8 24. exf6 Bxf6 25. Ne4 Rxe4 26. Bxe4 Bd7 27. d6 b6 28. a5 Re8 29. Bf3 Rxe3 30. Rxe3 Bd4 31. Kh1 Qxd6 32. axb6 Bb5 33. Rfe1 Qxb6 34. Re7 Kg7 35. f5 Nd3 36. R1e2 Qf6 37. fxg6 Nf2+ 38. Rxf2 Qxe7 39. gxf7 Qxf7 40. Qc2 Bxf2 41. Qxf2 Qc7 42. Qe3 Qd6 43. h3 Bc4 44. Qe4 Bf7 45. Qg4+ Kf8 46. Qc8+ 1/2-1/2

[Event "AUT-ch U16"]
[Site "St Veit"]
[Date "2023.04.06"]
[Round "7"]
[White "Ernst, Robert"]
[Black "Hengl, Philip"]
[Result "1/2-1/2"]
[WhiteElo "2191"]
[BlackElo "2072"]
[PlyCount "123"]
[EventDate "2023.04.02"]
[EventType "swiss"]
[EventRounds "7"]
[EventCountry "AUT"]
[SourceTitle "EXT 2024"]
[Source "ChessBase"]
[SourceDate "2023.10.10"]
[SourceVersion "1"]
[SourceVersionDate "2023.10.10"]
[SourceQuality "1"]

1. d4 d5 2. c4 e6 3. Nc3 a6 4. cxd5 exd5 5. Nf3 c6 6. Qc2 Nf6 7. Bg5 Be7 8. e3 0-0 9. Bd3 h6 10. Bh4 Re8 11. 0-0 Nbd7 12. Rab1 a5 13. Bg3 Nh5 14. Nxd5 Nxg3 15. Nxe7+ Qxe7 16. hxg3 Nf8 17. a3 Be6 18. Qc3 a4 19. Ne5 c5 20. Nf3 cxd4 21. Nxd4 Rec8 22. Qd2 Nd7 23. Rbc1 Ne5 24. Bb5 Bc4 25. Bxc4 Nxc4 26. Qe2 Nd6 27. Rc2 Rxc2 28. Qxc2 g6 29. Rd1 Ne4 30. Ne2 b5 31. Qc6 Rb8 32. Nf4 Nf6 33. Qd6 Qxd6 34. Rxd6 Kg7 35. Nd5 Nxd5 36. Rxd5 b4 37. Ra5 bxa3 38. bxa3 Rb1+ 39. Kh2 Rb2 40. f3 Rb3 41. Rxa4 Rxe3 42. g4 g5 43. Ra6 Re2 44. Kh3 Re3 45. a4 Ra3 46. Kg3 Ra2 47. a5 Kh7 48. Ra8 Kg7 49. Kh3 Ra3 50. Kh2 Ra2 51. Kg1 Ra1+ 52. Kf2 Ra2+ 53. Kg3 Kh7 54. a6 Kg7 55. Kh2 Kh7 56. a7 Kg7 57. Kg1 Ra1+ 58. Kf2 Ra2+ 59. Ke3 Ra3+ 60. Kd4 Ra4+ 61. Kc5 Ra1 62. g3 1/2-1/2

[Event "AUT-ch U16"]
[Site "St Veit"]
[Date "2023.04.04"]
[Round "5"]
[White "Ernst, Robert"]
[Black "Nguyen, Le Minh Phu"]
[Result "1-0"]
[WhiteElo "2191"]
[BlackElo "2204"]
[PlyCount "61"]
[EventDate "2023.04.02"]
[EventType "swiss"]
[EventRounds "7"]
[EventCountry "AUT"]
[SourceTitle "EXT 2024"]
[Source "ChessBase"]
[SourceDate "2023.10.10"]
[SourceVersion "1"]
[SourceVersionDate "2023.10.10"]
[SourceQuality "1"]

1. d4 Nf6 2. c4 e6 3. Nc3 Bb4 4. e3 0-0 5. Nge2 c6 6. a3 Ba5 7. Ng3 d5 8. Bd3 Nbd7 9. 0-0 Bc7 10. Qc2 dxc4 11. Bxc4 e5 12. Ba2 Re8 13. Rd1 exd4 14. exd4 Nb6 15. Bg5 h6 16. Bxh6 gxh6 17. Qg6+ Kh8 18. Bxf7 Rg8 19. Qxh6+ Nh7 20. Bxg8 Qxg8 21. Re1 Qf7 22. Re4 Bd7 23. Rae1 Bxg3 24. hxg3 Re8 25. Qd6 Nf6 26. Re7 Rxe7 27. Rxe7 Qf8 28. Ne4 Nxe4 29. Rh7+ Kxh7 30. Qxf8 Kg6 31. Qb8 1-0

[Event "Vienna Advent op"]
[Site "Vienna"]
[Date "2022.12.11"]
[Round "7"]
[White "Ernst, Robert"]
[Black "Gockner, Martin"]
[Result "1-0"]
[WhiteElo "2171"]
[BlackElo "1902"]
[PlyCount "105"]
[EventDate "2022.12.05"]
[EventType "tourn"]
[EventRounds "7"]
[EventCountry "AUT"]
[SourceTitle "CBM 211 Extra"]
[Source "ChessBase"]
[SourceDate "2023.01.31"]
[SourceVersion "1"]
[SourceVersionDate "2023.01.31"]
[SourceQuality "1"]

1. d4 Nf6 2. c4 g6 3. Nc3 Bg7 4. e4 d6 5. Be2 0-0 6. Nf3 e5 7. 0-0 Nc6 8. d5 Ne7 9. Ne1 Nd7 10. Nd3 f5 11. Bd2 Nf6 12. f3 f4 13. Rc1 g5 14. c5 Ng6 15. Nb5 Rf7 16. Ba5 Bf8 17. cxd6 Bxd6 18. Qc2 b6 19. Be1 h5 20. Qc6 Bd7 21. Qc4 g4 22. Nb4 g3 23. Nc6 Qf8 24. hxg3 Qh6 25. Nxd6 cxd6 26. gxf4 Nxf4 27. Bh4 Rg7 28. g3 Kh7 29. Kf2 Rag8 30. gxf4 Qxf4 31. Bxf6 Qxf6 32. Rh1 Rg2+ 33. Ke1 Rg1+ 34. Kd2 Qf4+ 35. Kd3 Rxh1 36. Rxh1 h4 37. Qc1 Qg3 38. Qe1 h3 39. Qxg3 Rxg3 40. Ke3 Kh6 41. Nxa7 Kg5 42. Nb5 Bxb5 43. Bxb5 Rg2 44. Rxh3 Rxb2 45. Rg3+ Kf6 46. a4 Rb3+ 47. Kf2 Rb2+ 48. Kg1 Kf7 49. Rg2 Rb3 50. Kf2 Kf6 51. Rg8 Rb2+ 52. Kg3 Rb1 53. Rb8 1-0

[Event "Vienna Advent op"]
[Site "Vienna"]
[Date "2022.12.08"]
[Round "4"]
[White "Thomas, Apolline"]
[Black "Ernst, Robert"]
[Result "0-1"]
[WhiteElo "1945"]
[BlackElo "2171"]
[PlyCount "70"]
[EventDate "2022.12.05"]
[EventType "tourn"]
[EventRounds "7"]
[EventCountry "AUT"]
[SourceTitle "CBM 211 Extra"]
[Source "ChessBase"]
[SourceDate "2023.01.31"]
[SourceVersion "1"]
[SourceVersionDate "2023.01.31"]
[SourceQuality "1"]

1. e4 c5 2. Nc3 Nc6 3. Bb5 Nd4 4. Nf3 e6 5. 0-0 Ne7 6. Nxd4 cxd4 7. Ne2 a6 8. Ba4 b5 9. Bb3 Nc6 10. d3 g6 11. f4 Bg7 12. f5 0-0 13. Ng3 Na5 14. Qf3 Bb7 15. f6 Bh8 16. Bh6 Re8 17. Nh5 Nxb3 18. axb3 Qc7 19. Rac1 d5 20. Ng7 Bxg7 21. Bxg7 dxe4 22. dxe4 Qe5 23. Rfe1 Rac8 24. Qd3 Red8 25. Re2 b4 26. Rf1 Bc6 27. Qd2 Bb5 28. Rf5 exf5 29. Qh6 Qc5 30. Bh8 d3+ 31. Rf2 Qf8 32. Bg7 dxc2 33. Rxc2 Rxc2 34. h3 Rd1+ 35. Kh2 Qb8+ 0-1

[Event "Vienna Advent op"]
[Site "Vienna"]
[Date "2022.12.06"]
[Round "2"]
[White "Stinner, David"]
[Black "Ernst, Robert"]
[Result "1/2-1/2"]
[WhiteElo "1856"]
[BlackElo "2171"]
[PlyCount "98"]
[EventDate "2022.12.05"]
[EventType "tourn"]
[EventRounds "7"]
[EventCountry "AUT"]
[SourceTitle "CBM 211 Extra"]
[Source "ChessBase"]
[SourceDate "2023.01.31"]
[SourceVersion "1"]
[SourceVersionDate "2023.01.31"]
[SourceQuality "1"]

1. d4 d5 2. c4 e6 3. Nf3 Nf6 4. g3 Be7 5. Bg2 0-0 6. 0-0 Nbd7 7. Qc2 c6 8. Rd1 b6 9. Nbd2 Ba6 10. b3 Rc8 11. e4 c5 12. e5 Ne8 13. cxd5 exd5 14. Bf1 Bb7 15. Bb2 Nc7 16. Rac1 Ne6 17. Qb1 Re8 18. Bg2 Bf8 19. Re1 g6 20. Nf1 Bg7 21. Qa1 a5 22. Ne3 Rc7 23. Rcd1 Qa8 24. Nc2 a4 25. b4 a3 26. Nxa3 Qa4 27. bxc5 bxc5 28. Bf1 c4 29. Nb1 Ra8 30. Nc3 Qa5 31. Bc1 Nb6 32. Bd2 Na4 33. Re2 Nxc3 34. Bxc3 Qa3 35. Rb1 Bf8 36. Qb2 Qxb2 37. Rbxb2 Bc6 38. Nd2 Rca7 39. Nb1 Ra6 40. h4 Be7 41. Bh3 Kf8 42. Bxe6 fxe6 43. f4 h6 44. Rh2 Kg7 45. Rhf2 R8a7 46. Kg2 Be8 47. Be1 g5 48. hxg5 hxg5 49. Nc3 gxf4 1/2-1/2

[Event "Vienna Advent op"]
[Site "Vienna"]
[Date "2022.12.05"]
[Round "1"]
[White "Ernst, Robert"]
[Black "Rumpf, Werner"]
[Result "0-1"]
[WhiteElo "2171"]
[BlackElo "1834"]
[PlyCount "96"]
[EventDate "2022.12.05"]
[EventType "tourn"]
[EventRounds "7"]
[EventCountry "AUT"]
[SourceTitle "CBM 211 Extra"]
[Source "ChessBase"]
[SourceDate "2023.01.31"]
[SourceVersion "1"]
[SourceVersionDate "2023.01.31"]
[SourceQuality "1"]

1. d4 d5 2. c4 e6 3. Nc3 Nf6 4. cxd5 exd5 5. Bg5 Be7 6. e3 0-0 7. Bd3 Re8 8. Nge2 c6 9. 0-0 Ne4 10. Bf4 Bf5 11. Qc2 Bd6 12. Bxd6 Qxd6 13. f3 Nxc3 14. Bxf5 Nxe2+ 15. Qxe2 Qf6 16. Qd3 g6 17. Bh3 Na6 18. Rad1 Qe7 19. Rfe1 f5 20. g3 Nc7 21. Qb3 Nb5 22. e4 Qg7 23. e5 Rab8 24. g4 Qh6 25. Bf1 Nc7 26. Qe3 Qxe3+ 27. Rxe3 fxg4 28. fxg4 Ne6 29. h4 Rf8 30. Bh3 Rf4 31. g5 Nxd4 32. e6 Re8 33. Kg2 Nf5 34. Re5 Rxh4 35. Bxf5 gxf5 36. Rxf5 Rxe6 37. Rdf1 Re7 38. Kg3 Rhe4 39. Rf8+ Kg7 40. Ra8 Kg6 41. Rg8+ Rg7 42. Rf6+ Kxg5 43. Rxg7+ Kxf6 44. Rxb7 Ra4 45. Rxh7 Rxa2 46. Rh6+ Ke5 47. Rxc6 Rxb2 48. Ra6 Rb7 0-1